000 00633nam a2200229Ia 4500
003 OSt
005 20220918111959.0
006 a|||||r|||| 00| 0
007 ta
008 220915b |||||||| |||| 00| 0 hin d
024 _a215480
037 _cTextbook
040 _bhin
_aARTS
_cARTS
041 _ahin
082 _aO9, 152J5.2
100 _aउपाध्याय, बलदेव
_91695
245 0 _aभारतीय साहित्य
246 _aBhāratīya sāhitya
260 _c1955
942 _hO9, 152J5.2
_cTB
_2CC
999 _c117685
_d117685